Countries of Oceania - Statistics

General Stats
  • This quiz has been taken 13 times
  • The average score is 8 of 16
Answers on the Map
Answers color-coded by a green-red scale on the quiz's map according to % correct below.
 
Answer Stats
Size Population Answer % Correct
7,741,220 km2 25,921,089 Australia
91%
462,840 km2 9,949,437 Papua New Guinea
73%
267,710 km2 5,129,727 New Zealand
64%
2,831 km2 218,764 Samoa
55%
747 km2 106,017 Tonga
55%
702 km2 113,131 Federated States of Micronesia
45%
18,274 km2 924,610 Fiji
45%
811 km2 128,874 Kiribati
45%
181 km2 42,050 Marshall Islands
45%
21 km2 10,834 Nauru
45%
459 km2 18,024 Palau
45%
28,896 km2 707,851 Solomon Islands
45%
26 km2 11,204 Tuvalu
45%
12,189 km2 319,137 Vanuatu
45%
4,167 km2 294,935 French Polynesia
27%
18,575 km2 256,275 New Caledonia
27%
No matching quizzes found
Score Distribution
Percent of People with Each Score
Percentile by Number Answered
Your Score History
You have not taken this quiz